Catálogo

PROBLEMS IN BUSINESS COMMUNICATION (Registro nro. 22542)

Detalles MARC
000 -LEADER
fixed length control field 00457nam a2200169 a 4500
001 - CONTROL NUMBER
control field 22542
005 - DATE AND TIME OF LATEST TRANSACTION
control field 20180713220445.0
008 - FIXED-LENGTH DATA ELEMENTS--GENERAL INFORMATION
fixed length control field 140415s1977 000 0 spa d
020 ## - INTERNATIONAL STANDARD BOOK NUMBER
International Standard Book Number 0713101075
041 ## - LANGUAGE CODE
Language code of text/sound track or separate title spa
082 ## - DEWEY DECIMAL CLASSIFICATION NUMBER
Classification number 658.45
Item number PAR
100 1# - MAIN ENTRY--PERSONAL NAME
Personal name PARSONS, C. J.
245 10 - TITLE STATEMENT
Title PROBLEMS IN BUSINESS COMMUNICATION
260 ## - PUBLICATION, DISTRIBUTION, ETC.
Place of publication, distribution, etc. [s.l.] :
Name of publisher, distributor, etc. EDWARD ARNOLD PUBLISHERS,
Date of publication, distribution, etc. 1977
300 ## - PHYSICAL DESCRIPTION
Extent 96
650 14 - SUBJECT ADDED ENTRY--TOPICAL TERM
Topical term or geographic name entry element COMUNICACION EN ADMINISTRACION
Existencias
Withdrawn status Lost status Source of classification or shelving scheme Damaged status Not for loan Collection code Home library Current library Shelving location Date acquired Source of acquisition Inventory number Total Checkouts Full call number Barcode Price effective from Koha item type
    Dewey Decimal Classification     General Biblioteca Karol Wojtyla Biblioteca Karol Wojtyla Sala general 03/12/2013 Compra 151000000000000000013471   658.45 PAR 43130 03/12/2013 Libro